|
|
|
|
| LEADER |
00000nab a2200000 a 4500 |
| 001 |
vtls000285667 |
| 003 |
SK-MaSNL |
| 005 |
20260303124903.0 |
| 008 |
140402c1986 xo 0 slo |
| 015 |
|
|
|a SNBRB19rr/mm-uuuuu
|
| 035 |
|
|
|a CL0295785
|
| 040 |
|
|
|a SNKBUCL
|b slo
|c SNKBUCL
|e AACR2
|
| 041 |
0 |
|
|a slo
|
| 044 |
|
|
|a xo
|c SK
|
| 080 |
|
|
|a 339.5(437):339.91
|2 1981
|
| 080 |
|
|
|a 339.91
|2 1981
|
| 100 |
1 |
|
|a Sysáková, Viera,
|d 1943-
|4 aut
|9 49246
|
| 245 |
1 |
0 |
|a Vplyv vonkajších a vnútorných ekonomických podmienok na adaptáciu vývoznej a dovoznej štruktúry
|c Viera Sysáková
|
| 300 |
|
|
|b Tb. 5. Res. rus., nem., angl.
|
| 650 |
0 |
7 |
|a deľba práce medzinárodná
|2 snkbucl
|9 915127
|
| 650 |
0 |
7 |
|a obchod svetový
|2 snkbucl
|9 918730
|
| 650 |
0 |
7 |
|a zahraničný obchod
|2 snkbucl
|9 2200
|
| 655 |
|
7 |
|a články z novín a časopisov
|2 snkbucl
|9 267496
|
| 773 |
0 |
|
|t Ekonomické rozhľady
|g Roč. 19, č. 3 (1986), s. 75-83
|
| 850 |
|
|
|a Slovenská národná knižnica v Martine
|a MTA001
|
| 852 |
|
|
|a SNK
|b KIS3GCP
|
| 958 |
|
|
|a RK
|
| 992 |
|
|
|a RBX
|
| 999 |
|
|
|c 1932021
|d 1933951
|